秘境駅ランキングTOP100 - Statistics

General Stats
  • This quiz has been taken 65 times
  • The average score is 24 of 100
Answer Stats
順位 路線 答え % Correct
1位 JR室蘭本線 小幌
91%
3位 JR飯田線 小和田
77%
27位 大井川鐵道 奥大井湖上
65%
4位 JR土讃線 坪尻
56%
10位 JR飯田線 中井侍
56%
8位 JR土讃線 新改
51%
23位 JR宗谷本線 抜海
51%
2位 大井川鐵道 尾盛
49%
7位 JR宗谷本線 糠南
49%
14位 JR奥羽本線
49%
5位 JR飯田線 田本
46%
16位 野岩鉄道 男鹿高原
44%
13位 JR飯田線 為栗
42%
26位 JR日豊本線 宗太郎
42%
40位 大井川鐵道 閑蔵
40%
41位 JR仙山線 面白山高原
39%
6位 JR飯田線 金野
37%
32位 JR宗谷本線 南幌延
35%
33位 JR仙山線 奥新川
35%
39位 JR宗谷本線 雄信内
35%
47位 大井川鐵道 アプトいちしろ
33%
50位 南海高野線 紀伊神谷
33%
42位 JR宗谷本線 筬島
32%
89位 JR上越線 土合
32%
35位 JR宗谷本線 天塩川温泉
30%
69位 JR奥羽本線 板谷
30%
12位 坂本ケーブル ほうらい丘
28%
15位 大井川鐵道 土本
28%
20位 JR飯田線 千代
28%
24位 JR伯備線 布原
28%
25位 JR羽越本線 女鹿
28%
11位 坂本ケーブル もたて山
26%
18位 JR宗谷本線 下沼
26%
30位 JR芸備線 道後山
26%
43位 JR留萌本線 北秩父別
26%
59位 阿武隈急行 あぶくま
26%
87位 JR北陸本線(現:ハピラインふくい) 南今庄
26%
9位 三陸鉄道 白井海岸
25%
17位 JR肥薩線 大畑
25%
57位 JR奥羽本線 大沢
25%
58位 JR奥羽本線 津軽湯の沢
25%
71位 大井川鐵道 ひらんだ
25%
54位 JR宗谷本線 智北
23%
68位 JR宗谷本線 塩狩
23%
80位 会津鉄道 塔のへつり
23%
29位 JR釧網本線 釧路湿原
21%
82位 JR函館本線 比羅夫
21%
22位 JR肥薩線 真幸
19%
51位 JR小海線 佐久広瀬
19%
21位 生駒ケーブル 霞ケ丘
18%
46位 会津鉄道 大川ダム公園
18%
55位 JR宗谷本線 瑞穂
18%
63位 京都丹後鉄道 辛皮
18%
77位 JR五能線 驫木
18%
83位 JR函館本線 銀山
18%
95位 JR木次線 出雲坂根
18%
100位 JR花輪線 安比高原
18%
19位 JR芸備線 内名
16%
34位 いすみ鉄道 久我原
16%
48位 JR釧網本線 原生花園
16%
74位 JR日高本線 浜厚真
16%
84位 青い森鉄道 千曳
16%
31位 大井川鐵道 川根小山
14%
36位 JR釜石線 上有住
14%
52位 JR釧網本線 細岡
14%
56位 JR石北本線 西女満別
14%
62位 JR飯田線 伊那小沢
14%
86位 JR羽越本線 桂根
14%
93位 JR因美線 知和
14%
94位 JR函館本線 赤井川
14%
99位 JR函館本線 仁山
14%
53位 JR宗谷本線 初野
12%
60位 JR山田線 松草
12%
75位 JR飯田線 相月
12%
91位 津軽鉄道 毘沙門
12%
37位 JR根室本線 昆布盛
11%
38位 JR函館本線 渡島沼尻
11%
45位 JR八戸線 有家
11%
49位 JR根室本線 東鹿越
11%
61位 JR飯山線 足滝
11%
64位 三陸鉄道 一の渡
11%
79位 JR名松線 伊勢鎌倉
11%
81位 JR磐越東線 江田
11%
90位 大井川鐵道 神尾
11%
96位 JR伯備線 新郷
11%
44位 JR羽越本線 折渡
9%
76位 JR奥羽本線 大滝
9%
85位 JR日豊本線 青井岳
9%
92位 JR山陰本線 居組
9%
28位 JR肥薩線 矢岳
7%
65位 JR只見線 早戸
7%
66位 JR牟岐線 田井ノ浜
7%
70位 JR大糸線 小滝
7%
72位 JR紀勢本線 波田須
7%
78位 JR肥薩線 瀬戸石
7%
88位 JR三角線 赤瀬
7%
67位 JR肥薩線 海路
5%
97位 JR只見線 郷戸
5%
98位 JR只見線 会津水沼
5%
73位 JR肥薩線 表木山
4%
No matching quizzes found
Score Distribution
Percent of People with Each Score
Percentile by Number Answered
Your Score History
You have not taken this quiz